000 01207na a2200361 4500
001 13571
003 MIRAKIL
005 20181213155227.0
008 160817b tu 000 0
020 _a9751601401 (tk.)
020 _a9751601967 (c.1)
020 _a9751601959 (c.2)
035 _a13571
040 _aMilas
_btur
_cTR-AnCHP
082 _aATA 923.156
_bA72n 1989
090 _aATA 923.156 A72n 1989
100 _aAtatürk, Mustafa Kemal
_d1881-1838
245 _aNutuk-Söylev
_cMustafa Kemal Atatürk ; yayına hazırlayanlar İsmail Arar, Uluğ İğdemir, Sami N. Özerdim
250 _a3. bs.
260 _aAnkara
_bTürk Tarih Kurumu
_c1989
300 _a2 c.
_bhrt.
_c24 sm.
490 _aTürk Tarih Kurumu Yayınları
_vXXIII
490 _aDizi-Sayı
_v2
505 _ac.1: 1919-1920 -- c.2: 1920-1927
600 _aAtatürk, Mustafa Kemal
_d1881-1938
_xSöylev ve demeçler
600 _aAtatürk, Mustafa Kemal
_d1881-1938
_xSiyasal ve sosyal görüşler
650 _aAtatürk devrimleri
_zTürkiye
651 _aTürkiye
_xSiyaset ve yönetim
_y1920-1927
700 _aArar, İsmail
700 _aİğdemir, Uluğ
700 _aÖzdemir, Sami N.
942 _2ddc
_cBKS
999 _c8876
_d8876